000 00283nam a22001097a 4500
008 140417t xxu||||| |||| 00| 0 eng d
020 _a 978-0306466762
100 _aM. Rami Reddy
_9824
245 _aFree Energy Calculations in Rational Drug Design
300 _a394
942 _2ddc
_cBK
999 _c17071
_d17071